000 00901nam a2200241 a 4500
001 53853
003 BD-RjUL
005 20211209080030.0
008 161027s1968 bg ||||| |||| 00| 0 ben d
020 _c: TK 6.00
035 _a(BD-RjUL)53975
040 _aBD-RjUL
_bben
_cBD-RjUL
041 _aben
082 _223
_a891.4409
_bMUS 1968
100 _aমুহম্মদ, কাজী দীন
_9123683
245 1 0 _aসাহিত্য-শিল্প /
_cকাজী দীন মুহম্মদ
250 _a১ম সং.
260 _aঢাকা :
_bআহমদ পাবলিশিং,
_c১৯৬৮
300 _a[১০], ২১৪ পৃ. ;
_c২১ সেমি.
650 _aবাংলা সাহিত্য
_xইতিহাস ও সমালোচনা
_9160867
650 _aBengali Literature
_xHistory & Criticism
_9160868
942 _2ddc
_cBK
999 _c53853
_d53853